000 00740cam a22002295a 4500
001 L153210
002 18184
008 110622s2009 xxk f 000 0 eng d
020 _a9780728205598
035 _a(Sirsi) u153210
041 0 _aeng
050 0 4 _a333.33 $2 18
100 1 _aMurdoch, John
245 0 4 _aThe law of estate agency
250 _a5th ed.
260 _aLondon
_bEstates Gazette Books
_c2009
520 _aGuidance on recent legislative and court legal developments, including responsibilities for estate agents concerning the Estate Agent's Act 1979, joining Ombudman schemes and Home Information Packs.
590 _aKA
651 4 _aEngland and Wales
_y1543-
690 _aPROPERTY-PROPERTY AGENCY
942 _n0
999 _c112419
_d112419